00000000nam##2200000za#4500
0019.675889
003CaOODSP
00520210624225502
007cr |||||||||||
008150407|1997||||xxc|||||o    f|0| 0 eng|d
040 |aCaOODSP|beng
041 |aeng
041 |afre
043 |an-cn---
0861 |aCS93-359/1997-PDF
24500|aProfile of Canadian farm operators |h[electronic resource]
2463 |aAgriculture 96 Census
260 |aOttawa - Ontario : |bStatistics Canada. |c1997.
500 |aHistorical census publication digitized by Statistics Canada.
590 |a12-44-Supp|b2012-12-13
69007|aAgricultural workers|2gcpds
69007|aCensus data|2gcpds
7101 |aCanada. |bStatistics Canada. |bAgriculture Division.
792 |tProfil des exploitants agricoles canadiens |efre|w(CaOODSP)9.675890
85640|ahttp://publications.gc.ca|qPDF|s8.1 MB|uhttps://publications.gc.ca/collections/collection_2012/statcan/rh-hc/CS93-359-1997.pdf